000
00274nam a22001217a 4500
008
170505b xxu||||| |||| 00| 0 eng d
041
_a
eng
080
_2
2 ED
_a
343.9
100
_a
14
101
_a
SHJ
245
_a
CRIMINAL LAW ACTION
_c
CHAMBLISS.W.J
942
_2
udc
_c
BK
999
_c
12834
_d
12834